Tourism and hospitality management /

Bibliographic Details
Other Authors: Kozak, Metin, (Editor), Kozak, Nazmi, (Editor)
Format: eBook
Language:English
Published: Bingley, England : Emerald, 2016.
Edition:First edition.
Series:Advances in culture, tourism and hospitality research ; Volume 12.
Subjects:
Online Access:Click to View
LEADER 02014nam a2200469 i 4500
001 EBC4717191
003 MiAaPQ
005 20200917021826.0
006 m o d |
007 cr cnu||||||||
008 161103t20162016enk ob 000 0 eng d
020 |z 9781786357144 
020 |a 9781786357137 (e-book) 
035 |a (MiAaPQ)EBC4717191 
035 |a (Au-PeEL)EBL4717191 
035 |a (CaPaEBR)ebr11285389 
035 |a (CaONFJC)MIL967338 
035 |a (OCoLC)961452404 
040 |a MiAaPQ  |b eng  |e rda  |e pn  |c MiAaPQ  |d MiAaPQ 
050 4 |a G155.A1  |b .T687 2016 
082 0 |a 910.68  |2 23 
245 0 0 |a Tourism and hospitality management /  |c edited by Metin Kozak, Nazmi Kozak. 
250 |a First edition. 
264 1 |a Bingley, England :  |b Emerald,  |c 2016. 
264 4 |c 2016 
300 |a 1 online resource (318 pages). 
336 |a text  |2 rdacontent 
337 |a computer  |2 rdamedia 
338 |a online resource  |2 rdacarrier 
490 1 |a Advances in Culture, Tourism and Hospitality Research,  |x 1871-3173 ;  |v Volume 12 
504 |a Includes bibliographical references at the end of each chapters. 
588 |a Description based on online resource; title from PDF title page (ebrary, viewed November 3, 2016). 
590 |a Electronic reproduction. Ann Arbor, MI : ProQuest, 2016. Available via World Wide Web. Access may be limited to ProQuest affiliated libraries. 
650 0 |a Tourism  |x Management. 
650 0 |a Hospitality industry  |x Management. 
655 4 |a Electronic books. 
700 1 |a Kozak, Metin,  |e editor. 
700 1 |a Kozak, Nazmi,  |e editor. 
776 0 8 |i Print version:  |t Tourism and hospitality management.  |b First edition.  |d Bingley, England : Emerald, c2016   |h xxv, 291 pages   |k Advances in culture, tourism and hospitality research ; Volume 12.  |z 9781786357144 
797 2 |a ProQuest (Firm) 
830 0 |a Advances in culture, tourism and hospitality research ;  |v Volume 12. 
856 4 0 |u https://ebookcentral.proquest.com/lib/matrademy/detail.action?docID=4717191  |z Click to View